Các khái niệm cơ bản về kinh tế = Basic economic concepts

Sách chứa đựng một loạt bài viết ngắn giai thich một cách khúc chiết các khái niệm cơ bản về kinh tế học và cung cấp các kiến thức nền tảng về kinh tế thị trừơng.

Spremljeno u:
Bibliografski detalji
Format: Knjiga
Jezik:Undetermined
Izdano: Thành phố Hồ Chí Minh Tổng hợp Thành phố Hồ Chí Minh 2010
Teme:
Oznake: Dodaj oznaku
Bez oznaka, Budi prvi tko označuje ovaj zapis!
Thư viện lưu trữ: Trung tâm Học liệu Trường Đại học Cần Thơ
LEADER 00872nam a2200193Ia 4500
001 CTU_180115
008 210402s9999 xx 000 0 und d
020 |c 50000 
082 |a 330.01 
082 |b C101 
245 0 |a Các khái niệm cơ bản về kinh tế = 
245 0 |b Basic economic concepts 
260 |a Thành phố Hồ Chí Minh 
260 |b Tổng hợp Thành phố Hồ Chí Minh 
260 |c 2010 
520 |a Sách chứa đựng một loạt bài viết ngắn giai thich một cách khúc chiết các khái niệm cơ bản về kinh tế học và cung cấp các kiến thức nền tảng về kinh tế thị trừơng. 
650 |a Phát triển kinh tế,Economic development 
904 |i Trinh, Như 
980 |a Trung tâm Học liệu Trường Đại học Cần Thơ